Theory of transforms with applications
Պահպանված է:
| Հիմնական հեղինակ: | |
|---|---|
| Ձևաչափ: | Գիրք |
| Լեզու: | անգլերեն |
| Հրապարակվել է: |
Ane Books
2019
|
| Ցուցիչներ: |
Ավելացրեք ցուցիչ
Չկան պիտակներ, Եղեք առաջինը, ով նշում է այս գրառումը!
|
MARC
| LEADER | 00000nam a22000007a 4500 | ||
|---|---|---|---|
| 008 | 240807b |||||||| |||| 00| 0 eng d | ||
| 020 | |a 9789385462603 | ||
| 100 | |a MISHRA, Vinod | ||
| 245 | |a Theory of transforms with applications |c Vinod Mishra |g viii, 355p | ||
| 260 | |b Ane Books |c 2019 |h New Delhi |i 700060 |i 700061 |l QA324.M68 |m Theory of distribution ( Functional analysis) |m Integral transforms | ||
| 500 | |a it includes references | ||
| 942 | |a lcc |c BK |e Johnson |f 07/08/24 | ||
| 952 | |0 0 |1 0 |2 lcc |4 0 |6 QA0324 M68 |7 0 |9 5430 |a SL |b HOL |c QZ |d 2024-08-07 |l 0 |o QA324.M68 |p 2024-0671 |r 2024-08-07 00:00:00 |t 700060 |w 2024-08-07 |y BK | ||
| 952 | |0 0 |1 0 |2 lcc |4 0 |6 QA0324 M68 |7 0 |9 5431 |a HOL |b HOL |c QZ |d 2024-08-07 |l 0 |o QA324.M68 |p 2024-0672 |r 2024-08-07 00:00:00 |t 700061 |w 2024-08-07 |y BK | ||
| 999 | |c 2687 |d 2687 | ||